000
00314nam a22001337a 4500
008
181203b xxu||||| |||| 00| 0 eng d
020
_a
9780073268927
041
_a
eng
080
_a
330
100
_a
58
101
_a
KON
245
_a
Accounting Convernmental Nonprofit Entiries
_c
Reck.W.K
942
_2
udc
_c
BK
999
_c
52696
_d
52696